000 00263nam a2200109Ia 4500
001 588736
005 20250717120837.0
008 250717s9999 xx 000 0 und d
245 0 _aZ-1 32 DİŞ
_cİSMAİL BİLGİN
260 _bERDEM YAYINLARI
_c2019
300 _b77
999 _c588736
_d588736